| 000 | 01309cad a22002655a 4500 | ||
|---|---|---|---|
| 001 | E148468 | ||
| 008 | 090922s2009 xxk f 000 0 eng u | ||
| 020 | _a9781842154750 | ||
| 035 | _a(Sirsi) u148468 | ||
| 041 | 0 | _aeng | |
| 050 | 0 | 4 | _a380.1 $2 18 |
| 110 | 2 |
_aRoyal Institution of Chartered Surveyors _94900 |
|
| 245 | 0 | 0 |
_aAuctioneers selling real estate in England and Wales _c[old edition] |
| 250 | _a5th ed. | ||
| 260 |
_aCoventry _bRICS _c2009 |
||
| 300 |
_avi, 26p. _c30cm. |
||
| 490 | 0 | _aRICS Guidance Note | |
| 520 | _aClarifies real estate auctioneers' professional responsibilities and provides advice on best practice before, during and after the auction. Also covers legal responsibilities, the auction catalogue and online marketing. Appendices include variations for Scottish auctions, Value Added Tax, sale of qualifying investments, underwriting and data protection. Bibliography. | ||
| 520 | _aSupersedes fourth edition (ISBN 1842191810). | ||
| 520 | _aSuperseded by sixth edition (ISBN 9781783210060) | ||
| 651 | 4 |
_aEngland and Wales _y1543- |
|
| 690 |
_aAuctioneering _96218 |
||
| 856 | 4 | 1 |
_uhttps://www.rics.org/Global/Downloads/Auctioneers_selling_real_estate_5th_edition.pdf _zView the guidance note free of charge (member-only content) at www.rics.org... |
| 942 |
_n0 _2ddc |
||
| 999 |
_c110056 _d110056 |
||